000
00297nam a22001337a 4500
008
170221b xxu||||| |||| 00| 0 eng d
020
_a
9780967544632
041
_a
eng
080
_a
615
100
_a
5
101
_a
SHF
245
_a
PHARMACOLOGY REVIEW FOR THE NCLEX
_c
KING, P
942
_2
udc
_c
BK
999
_c
5932
_d
5932